| 000 | 00688nam a22002297a 4500 | ||
|---|---|---|---|
| 003 | OSt | ||
| 005 | 20240605055122.0 | ||
| 008 | 240605b |||||||| |||| 00| 0 eng d | ||
| 020 | _a9789813140470 | ||
| 040 |
_aDWC- Main Lib _cOC |
||
| 082 | _aCirc. 530 Y68u 2016 | ||
| 100 | _aYoung, Hough | ||
| 245 |
_aUniversity physics with modern physics volume 1 / _cHough Young ; Roger A. Freedman and Lewis Frod. |
||
| 250 | _a14th edition | ||
| 260 |
_aSingapore: _bPearson Education, _cc2016. |
||
| 300 |
_a808 pages : _billustrations; _c27cm. |
||
| 504 | _aIncludes notes. | ||
| 650 | _a1. Physics. | ||
| 700 | _aFreedman, Roger A. | ||
| 700 | _aFrod, Lewis | ||
| 942 |
_2ddc _cBK-CIRC _n1 |
||
| 999 |
_c178 _d178 |
||